| 000 | 01467nam a2200409 i 4500 | ||
|---|---|---|---|
| 001 | 9257 | ||
| 003 | KOSZ 005 | ||
| 005 | 20210505115249.0 | ||
| 008 | 070815s1970 pl a f 000 0 pol | ||
| 015 | _aPB 1970/9525 | ||
| 035 | _a(PL-WaBN)b19664485-48omnis_nlop | ||
| 035 | _ab19664485 | ||
| 035 | _a(OCoLC)749383256 | ||
| 035 | _a(PL)b0000019664485 | ||
| 040 |
_aWA N _cWA N _dKOSZ 005/RW |
||
| 046 | _k1970 | ||
| 080 | _a372.879.6+796/799 | ||
| 100 | 1 |
_aDemel, Maciej _d(1923-2017) _eAutor |
|
| 245 | 1 | 0 |
_aTeoria wychowania fizycznego dla pedagogów / _cMaciej Demel, Alicja Skład ; Z Prac Instytutu Naukowego Kultury Fizycznej w Warszawie. |
| 260 |
_aWarszawa : _bPaństwowe Wydawnictwo Naukowe, _c1970. |
||
| 300 |
_a261, [2] stron, [14] kart tablic : _bilustracje ; _c23 cm. |
||
| 336 |
_aTekst _btxt _2rdacontent |
||
| 337 |
_aBez urządzenia pośredniczącego _bn _2rdamedia |
||
| 338 |
_aWolumin _bnc _2rdacarrier |
||
| 380 | _aKsiążki | ||
| 388 | _a1901-2000 | ||
| 504 | _aBibliografia na stronach 257-[259]. | ||
| 658 | _aKultura fizyczna i sport | ||
| 658 | _aEdukacja i pedagogika | ||
| 650 | 7 |
_aSport _2DBN |
|
| 650 | 7 |
_aWychowanie fizyczne _2DBN |
|
| 700 | 1 |
_aSkład, Alicja. _eAutor |
|
| 710 | 2 |
_aPaństwowe Wydawnictwo Naukowe _4pbl. |
|
| 856 |
_uhttp://koha.tu.koszalin.pl/cgi-bin/koha/opac-detail.pl?biblionumber=9257 _yKatalog online BPK |
||
| 942 |
_2UKD _cKS |
||
| 999 |
_c9257 _d9257 |
||